000
00275nam a2200109Ia 4500
008
190216s9999||||xx |||||||||||||| ||und||
100
_a
Ashraf K M
245
0
_a
Rashtra Vikasanavum Deshiya Sevana Padhadiyum
260
_b
Bhasha Institute
650
_a
Economics
942
_c
BK
999
_c
39945
_d
39945